000 01447nam0a2200361 4500
001 RU\NLR\BIBL_A\011706721
005 20180531153120.0
010 _a978-5-00117-261-1
_94000
021 _aRU
_bКН-П-19-019952
_9КН-П-19-1493
021 _aRU
_bКН-П-18-026988
_9КН-П-18-1963
021 _aRU
_bКН-П-18-046497
_9КН-П-18-3348
035 _a(NLR Aleph) 011706721
035 _a(RuMoRGB)009543019
090 _a11413816
_c11413816
100 _a20180518d2018 u y0rusy50 ca
101 1 _arus
_cger
102 _aRU
105 _aa|||z|||000fy
200 1 _aПаша и папа в дороге
_eрассказы для семейного чтения
_e[для чтения взрослыми детям]
_fСюзанна Вебер
_g[перевод с немецкого Ольги Бычковой]
_gс иллюстрациями Сюзанны Гёлих
210 _aМосква
_cМанн, Иванов и Фербер
_d2018
215 _a75, [3] с.
_cцв. ил.
_d22
333 _a3+
686 _aШ9(2)72(4Ф)
_2rubbk
686 0 _aШ9(4Г)60-4
700 1 _aВебер
_bС.
_f1977-
_gСюзанна
_3RU\NLR\AUTH\770174946
702 1 _aГёлих
_bС.
_f1972-
_gСюзанна
_3RU\NLR\AUTH\770249511
_4440
942 _cBOOK
980 _aNBR
980 _aNB